000 00642nam a2200241Ia 4500
003 OSt
005 20220918190650.0
006 a|||||r|||| 00| 0
007 ta
008 220917b |||||||| |||| 00| 0 eng d
024 _a58,583
037 _cTextual
040 _aARTS
_cARTS
_beng
041 _2eng
_aeng
082 _aQ1:24x, J3;M9
100 _aRadhakrishnan S ed & tr
_973473
245 0 _aPrincipal upanisads
_b centenary edition
260 _aDelhi
_bOUP
_c1989
300 _a958p.
_ccm.
650 _aRELIGION
942 _hQ1:24x, J3;M9
_cTEXL
_2CC
999 _c186305
_d186305